Estatísticas para Medalhas da Paralimpíada de 2020 Tokyo

Clique aqui para jogar o quiz

Estatísticas Gerais

  • Esse quiz foi jogado 35 vezes
  • A pontuação média é 51 de 86

Estatísticas das Respostas

PosiçãoOuroPrataBronzeTotalPaís% Correto
722203072Brasil
100%
159151236Espanha
100%
1113152351Japão
100%
4363349118RPC (Russian Paralympic Comite)
100%
23510621Canadá
96%
3373631104Estados Unidos
96%
914292669Itália
96%
2163312Nova Zelândia
96%
1966051207Rep. Popular da China
96%
821293080Austrália
92%
2413845124Grã-Bretanha
92%
770022Portugal
92%
630549Argentina
88%
551102Costa Rica
88%
1411152854França
88%
1213121843Alemanha
85%
403115Dinamarca
85%
20721322México
85%
452316Chile
81%
521315Finlândia
81%
472024Noruega
81%
17761225Polônia
81%
501528Suécia
81%
1974314Suíça
81%
624472798Ucrânia
81%
3143815Bélgica
77%
37371424Colômbia
77%
650347Croácia
77%
525171759Holanda
77%
491539Áustria
73%
354116Cuba
73%
1875416Hungria
73%
2458619Índia
73%
412101224Republica da Coreia
73%
640527Egito
69%
5113711Grécia
69%
131211124Irã
69%
3044311Marrocos
69%
452316Sérvia
69%
226219Israel
65%
383227Venezuela
65%
432349Indonésia
62%
324217Irlanda
62%
760033Lituânia
62%
780011Quênia
58%
4224915Turquia
58%
780011Arábia Saudita
54%
780011Bósnia e Herzegovina
54%
690202Bulgária
54%
2652411Eslováquia
54%
710112Eslovênia
54%
660325Letônia
54%
591001Peru
54%
710112Romênia
54%
2845211Tunísia
54%
1685619Uzbequistão
54%
275117Bielorússia
50%
521315Cazaquistão
50%
591001Mongólia
50%
3341510Nigéria
50%
561023Equador
46%
591001Etiópia
46%
442338República Checa
46%
2555818Tailândia
46%
344127África do Sul
42%
393205Malásia
42%
700123Iraque
38%
780011Montenegro
38%
750101Vietnã
38%
10141419Azerbaijão
35%
591001Paquistão
35%
780011Taipé Chinês
35%
780011Catar
31%
571012Chipre
27%
482002Singapura
27%
670303Geórgia
23%
541113Emirados Árabes Unidos
19%
680235Hong Kong
19%
780011Omã
19%
710112Namíbia
15%
364015Jordânia
12%
710112Kuweit
12%
780011El Salvador
8%
571012Sri Lanka
8%
780011Uganda
8%
2944412Algéria
0%

Distribuição das Pontuações

Percentil de Números Respondidos

Porcentagem de Pessoas com Cada Pontuação

Sua Pontuação Histórica

Você não jogou esse quiz